Statystyki dla 10 Największych Miast Województwa Świętokrzyskiego

Kliknij tutaj aby rozwiązać quiz!

Ogólne statystyki

  • Ten quiz został rozwiązany 1 281 razy
  • Średni wynik to 7 z 10

Statystyki odpowiedzi

Lp.Liczba LudnościMiasto% Poprawnych
1.195,774Kielce
99%
2.69,051Ostrowiec Świętokrzyski
83%
5.23,644Sandomierz
78%
3.48,965Starachowice
75%
4.45,358Skarżysko-Kamienna
73%
8.15,149Jędrzejów
65%
7.15,952Busko-Zdrój
64%
6.19,330Końskie
61%
10.10,844Pińczów
51%
9.14,810Staszów
50%

Rozkład punktacji

Percentyl według liczby udzielonych odpowiedzi

Procent ludzi z każdym wynikiem

Twoja historia wyników

Nie rozwiązałeś tego quizu